000
00316nam a2200145Ia 4500
008
180921t xxu||||| |||| 00| 0 eng d
041
_a
eng
080
_a
681.3
_b
IBM
245
_a
IBM
300
_a
30p., ill., 18 cm
650
_a
Computer
942
_c
BK
999
_c
19297
_d
19297
003
LK-CoDNM
040
_a
LK-CoDNM
_d
LK-CoDNM
_e
LK-CoDNM